Vývoj úrokovej miery - porovnanie modelov Vašíček, Cox-Indersoll-Ross, Hull-White

Gespeichert in:
Bibliographische Detailangaben
1. Verfasser: Matulová, Daniela
Format: Buchkapitel
Sprache:Slowakisch
Tags: Tag hinzufügen
Keine Tags, Fügen Sie das erste Tag hinzu!

MARC

LEADER 00000nla a2200000 4500
001 0235639
005 20240502073818.1
041 0 |a slo 
044 |a SK 
245 1 0 |a Vývoj úrokovej miery - porovnanie modelov Vašíček, Cox-Indersoll-Ross, Hull-White  |c Daniela Matulová 
500 |a Abstrakt 
100 1 |a Matulová, Daniela